000 00433nam a2200181Ia 4500
008 230524s9999 xx 000 0 und d
020 _a8121923573
082 _a510
_bDAS
100 _aH.K.Dass
245 0 _aConcepts of Engineering Mathematics
250 _a1st
260 _aNEW DELHI
_bS.Chand
_c2004
300 _aXVIII;314
500 _aQuantity Number: 5
650 _aMathematics
700 _aRama Verma
942 _cBK
999 _c6561
_d6561